Szczegóły MARC21

Kryzysy bankowe : przyczyny i rozwiązania : praca zbiorowa /

003 -Nazwa inst., której nr kontr. jest w polu 001 [,]
    • @
    • Nazwa instytucji, której n kontrolny jest w polu 001
    • NUKAT
005 -DATA I CZAS OSTATNIEJ MODYFIKACJI [,]
    • @
    • pole kontrolne
    • 20241231091859.0
020 -Międzynarod. znormalizowany nr książki - ISBN [ , ]
    • a
    • Numer ISBN
    • 8320814081 Find
020 -Międzynarod. znormalizowany nr książki - ISBN [ , ]
    • a
    • Numer ISBN
    • 8320814170 Find
040 -Instytucja sporządzająca opis [ , ]
    • a
    • Instytucja, która sporządziła opis (NP)
    • TOR U/lf
    • c
    • Instytucja, która sporządziła rekord (NP)
    • TOR U/lf
    • d
    • Instytucja, która zmodyfikowała rekord (P)
    • TOR U/AP
    • d
    • Instytucja, która zmodyfikowała rekord (P)
    • TOR U/IFs
    • d
    • Instytucja, która zmodyfikowała rekord (P)
    • WA U/PE
942 -Rodzaj dokumentu [ , ]
    • c
    • Rodzaj dokumentu
    • Książka
245 -Strefa tytułu i oznaczenia odpowiedzialności [0,0]
    • a
    • Tytuł
    • Kryzysy bankowe : Find
    • b
    • Ciąg dalszy tytułu (NP)
    • przyczyny i rozwiązania : praca zbiorowa / Find
    • c
    • Pozostałe elementy strefy tytułu i oznaczenia odpowiedzialności (NP)
    • pod red. Małgorzaty Iwanicz-Drozdowskiej ; Bankowy Fundusz Gwarancyjny.
260 -Strefa adresu wydawniczego [ , ]
    • a
    • Miejsce wydania (P)
    • Warszawa :
    • b
    • Nazwa wydawcy (P)
    • Polskie Wydaw. Ekonomiczne,
    • c
    • Data wydania (P)
    • 2002.
300 -Strefa opisu fizycznego [ , ]
    • a
    • Określenie formy książki i/lub objętość (NP)
    • 454, [1] s. :
    • b
    • Oznaczenie ilustracji (NP)
    • wykr. ;
    • c
    • Format (NP)
    • 24 cm.
336 -Typ zawartości [ , ]
    • a
    • Termin opisujący typ zawartości
    • Tekst
    • b
    • Kod określający zawartość
    • txt
    • 2
    • Źródło (terminu i kodu)
    • rdacontent
337 -Typ mediów [ , ]
    • a
    • Tryb odtwarzania
    • Bez urządzenia pośredniczącego
    • b
    • Kod typu mediów
    • n
    • 2
    • Źródło (terminu i kodu)
    • rdamedia
338 -Typ/rodzaj nośnika [ , ]
    • a
    • Hasło opisujące typ nośnika
    • Wolumin
    • b
    • Kod typu nośnika
    • nc
    • 2
    • Źródło (terminu i kodu)
    • rdacarrier
500 -Uwaga ogólna [ , ]
    • a
    • Uwaga ogólna (NP)
    • Twarda oprawa.
504 -Uwaga dot. bibliogr. załącznikowej [ , ]
    • a
    • Uwaga dot. bibliografii załącznikowej
    • Bibliogr. s. 447-[455].
536 -Uwaga dot. finansowania książki [ , ]
    • a
    • Tekst uwagi
    • Tytuł sfinansowany przez Bankowy Fundusz Gwarancyjny
080 -Uniwersalna Klasyfikacja Dziesiętna [ , ]
    • a
    • Symbol klasyfikacji
    • 336.71
    • 2
    • Identyfikator wydania tablic
    • UDC-P058
    • 9
    • UKD
    • 3165
    • b
    • Dopowiedzenie
    • Bankowość. Banki.
080 -Uniwersalna Klasyfikacja Dziesiętna [ , ]
    • a
    • Symbol klasyfikacji
    • 338.124
    • 2
    • Identyfikator wydania tablic
    • UDC-P058
    • 9
    • UKD
    • 3212
    • b
    • Dopowiedzenie
    • Spadek koniunktury. Recesja. Kryzys.
650 -Hasło przedmiotowe [ ,7]
    • a
    • Hasło przedmiotowe
    • Banki.
    • 2
    • Źródło terminu
    • kaba
    • 9
    • KHW
    • 102409
650 -Hasło przedmiotowe [ ,7]
    • a
    • Hasło przedmiotowe
    • Kryzysy giełdowe.
    • 2
    • Źródło terminu
    • kaba
    • 9
    • KHW
    • 116015
650 -Hasło przedmiotowe [ ,7]
    • a
    • Hasło przedmiotowe
    • Kryzysy gospodarcze.
    • 2
    • Źródło terminu
    • kaba
    • 9
    • KHW
    • 116016
980 -Symbol UKD [ , ]
    • a
    • UKD
    • 336.71:338.124
700 -Hasło dodatkowe - nazwa osobowa [1, ]
    • a
    • Nazwa osobowa (NP)
    • Iwanicz-Drozdowska, Małgorzata Find
    • d
    • Daty biograficzne (NP)
    • (1971- ).
    • e
    • Określenie rodzaju współpracy
    • Red.
    • 9
    • KHW
    • 14754
710 -Hasło dodatkowe - nazwa ciała zbiorowego [2, ]
    • a
    • Nazwa ciała zbiorowego lub nazwa geograficzna jako pierwszy element (NP)
    • Polskie Wydawnictwo Ekonomiczne.
    • 4
    • Kod relacji
    • pbl
    • 9
    • KHW
    • 50784
920 -ISBN [ , ]
    • a
    • ISBN
    • 83-208-1408-1 Find
920 -ISBN [ , ]
    • a
    • ISBN
    • 83-208-1417-0 Find
Data inwentaryzacji Lokalizacja Sygnatura Numer inwentarzowy Status udost.
2003-06-03BE E.68807-2
2003-06-03BE S.90653-2
2003-06-03BE S.90654-2
2003-06-03BG Z.999611
2003-06-03BGW.206821W.206821-3
2003-06-03BGWM.854WM.854-3
2008-03-04TT.9850T.9850-2